• 首页
  • 本馆介绍
  • 公告通知
  • 最新文献
  • 馆藏检索
  • 电子资源
  • 读者导购
  • 参考咨询
  • 我的图书馆
  • 登录
  • 详细信息显示
  • 放入我的书架
  • 预约/预借图书
  • 作者相关作品
  • 分类相关作品
  • 丛书相关作品
  • 出版社相关作品

书目信息

  • 表格格式
  • 工作单格式
  • 卡片格式
题名:
绿色食品导论
    
 
作者: 刘连馥 编著
分册:  
出版信息: 北京   企业管理出版社  1998
页数: 370页
开本: 20cm
丛书名:
单 册:
中图分类: S-01 , TS207.2
科图分类:
主题词: 绿色食品--概论 , 食品工业
电子资源:
ISBN: 7-80147-057-5
000 00685nam0 2200253 450
001 073000001102
005 20091019161442.13
010    @a7-80147-057-5@dCNY23.60
100    @a20050204d1998 em y0chiy0120 ea
101 0  @achi
102    @aCN@b110000
105    @ay z 000yy
200 1  @a绿色食品导论@Alv se shi pin dao lun@f刘连馥编著@Fliu lian fu bian zhu
210    @a北京@c企业管理出版社@d1998
215    @a370页@d20cm
510 1  @aGreen food@zeng
606    @a绿色食品@x概论
606 0  @a食品工业
690    @aS-01@v3
690    @aTS207.2@v4
701  0 @a刘连馥@Aliu lian fu@4编著
801  0 @aCN@bCL@c20091019
905    @aBZT@dTS207.2@e2
906    @dCNY23.60@n0@r1
    
    绿色食品导论/刘连馥编著.-北京:企业管理出版社,1998
    370页;20cm
    
    
    ISBN 7-80147-057-5:CNY23.60
    
●
相关链接 在五车中查询图书 在当当中查询图书 在豆瓣中查询图书


正题名:绿色食品导论     索取号:TS207.2/2         预约/预借

序号 登录号 条形码 馆藏地/架位号 状态 备注
1 413566   210425510   中心书库中库/ 中库025架A面3列5层44/ [索取号:TS207.2/2] 在馆    
2 413567   210425495   中心书库中库/ 中库025架A面3列5层51/ [索取号:TS207.2/2] 在馆    
3 413568   210425486   中心书库中库/ 中库025架A面3列5层43/ [索取号:TS207.2/2] 在馆    
4 413569   210425477   中心书库中库/ 中库025架A面3列5层45/ [索取号:TS207.2/2] 在馆    
5 413570   210425468   中心书库中库/ 中库025架A面3列5层49/ [索取号:TS207.2/2] 在馆    
6 413571   210428599   中心书库中库/ 中库025架A面3列5层46/ [索取号:TS207.2/2] 在馆    
7 413572   210428580   中心书库中库/ 中库025架A面3列5层50/ [索取号:TS207.2/2] 在馆    
8 413573   210428571   中心书库中库/ 中库025架A面3列5层42/ [索取号:TS207.2/2] 在馆    
9 413574   210425529   中心书库中库/ 中库025架A面3列5层48/ [索取号:TS207.2/2] 在馆    
10 413575   210425501   中心书库中库/ 中库025架A面3列5层47/ [索取号:TS207.2/2] 在馆    
山东省滨州职业学院图书馆 欢迎您!
大连网信软件有限公司© 版权所有